| 000 | 00409nab a2200145Ia 4500 | ||
|---|---|---|---|
| 003 | ES-SlBCS | ||
| 005 | 20210601150856.0 | ||
| 008 | 140529s1958 xxu||||| |||| 00| 0 spa d | ||
| 041 | _aspa | ||
| 100 | 1 |
_aAguilar, R. _9326921 |
|
| 245 | 0 | 0 |
_aPurgatorio terreno y ultraterreno _c R. Aguilar |
| 650 | 0 | 4 |
_aPurgatorio _990954 |
| 773 | 0 |
_tVida Sobrenatural, la _gvol. 59, 1958, págs. 414-419 _wRev495 |
|
| 942 | _cAR | ||
| 999 |
_c748196 _d748196 |
||